Statistics for Formula 1 championship runner up quiz

Click here to take the quiz!

General Stats

  • This quiz has been taken 1,177 times
    (333 since last reset)
  • The average score is 51 of 70

Answer Stats

Hint Answer % Correct
2007Lewis Hamilton
99%
2018Sebastian Vettel
99%
2009Sebastian Vettel
98%
2010Fernando Alonso
97%
2014Nico Rosberg
96%
1998Michael Schumacher
95%
1989Ayrton Senna
95%
2019Valtteri Bottas
94%
1983Alain Prost
92%
1976Niki Lauda
91%
2008Felipe Massa
91%
1963Graham Hill
91%
1994Damon Hill
91%
2011Jenson Button
90%
2003Kimi Raikkonen
90%
1950Juan Manuel Fangio
88%
2000Mika Hakkinen
84%
2002Rubens Barrichello
81%
1986Nigel Mansell
81%
1968Jackie Stewart
78%
1980Nelson Piquet
77%
2001David Coulthard
76%
1996Jacques Villeneuve
74%
1979Gilles Villeneuve
72%
1951Alberto Ascari
72%
1999Eddie Irvine
67%
1962Jim Clark
66%
1955Stirling Moss
65%
1973Emerson Fittipaldi
64%
1967Jack Brabham
61%
1952Nino Farina
61%
1997Heinz-Harald Frentzen
53%
1966John Surtees
52%
1977Jody Scheckter
47%
1992Riccardo Patrese
43%
1960Bruce McLaren
42%
1971Ronnie Peterson
36%
1969Jacky Ickx
33%
1981Carlos Reutemann
32%
1974Clay Regazzoni
31%
1982Didier Pironi
28%
1961Wolfgang von Trips
27%
1985Michele Alboreto
26%
1954Jose Froilan Gonzalez
18%
1959Tony Brooks
17%

Score Distribution

Percentile by Number Answered

Percent of People with Each Score

Your Score History

You have not taken this quiz since the last reset